|
|
|
|
| LEADER |
00000nam a2200000 a 4500 |
| 001 |
vtls001265757 |
| 003 |
SK-MaSNL |
| 005 |
20260301234552.0 |
| 008 |
240315s1958 xx 0 und |
| 035 |
|
|
|a SNK000216691
|
| 040 |
|
|
|a SNK
|b slo
|c SNK
|e AACR2
|
| 100 |
1 |
|
|a Nosek, Bedřich
|4 aut
|9 577117
|
| 245 |
1 |
|
|a Výroba kolejových vozidel
|b Vozy a ostatní kolejová vozidla
|
| 260 |
|
|
|a Praha
|b Státní nakladatelství technické literatury
|c 1958
|
| 300 |
|
|
|a 118 s.
|
| 999 |
|
|
|c 970693
|d 972623
|
| 952 |
|
|
|t P60, <04>, [BOOK], {604}
|a SNK
|b SNK
|y VYP
|7 0
|p 17A0018482
|o snkIB 6524/2
|0 0
|1 0
|4 0
|d 1996-11-11
|l 0
|r 2005-01-01 00:00:00
|w 2026-02-24
|